• 首页
  • 本馆介绍
  • 公告通知
  • 最新文献
  • 馆藏检索
  • 电子资源
  • 读者导购
  • 参考咨询
  • 我的图书馆
  • 登录
  • 详细信息显示
  • 放入我的书架
  • 预约/预借图书
  • 作者相关作品
  • 分类相关作品
  • 丛书相关作品
  • 出版社相关作品

书目信息

  • 表格格式
  • 工作单格式
  • 卡片格式
题名:
酶的结构和功能
    
 
作者: Wynn , 温 著 ;罗兰 译
分册:  
出版信息: 北京   科学出版社  1983
页数: 85页
开本: 19cm
丛书名:
单 册:
中图分类: Q55
科图分类:
主题词: 酶学
电子资源:
ISBN:
000 00778nam0 2200277 45
001 0183006474
005 20061123161005.84
010    @dCNY0.48
091    @aCN@b13031.2191
100    @a19950720d1983 em y0chiy0121 ea
101 1  @achi@ceng
102    @aCN@b110000
105    @ay z 000yy
200 10 @a酶的结构和功能@Amei de jie gou he gong neng@f(英)温(C.H.Wynn)著@g罗兰译
210    @a北京@c科学出版社@d1983
215    @a85页@d19cm
300    @a书名原文:The structure and function of enzymes
510 1  @aThe structure and function of enzymes@zeng
606    @a酶学
690    @aQ55@v3
701 A1 @aWynn@bC.H.@4著
701  1 @a温@Awen@bC.H.@4著
702  0 @a罗兰@Aluo lan@4译
801  2 @aCN@bNLC@c20061123
801  0 @aCN@bTSSF
905    @a10447@dQ55@e19
    
    酶的结构和功能/(英)温(C.H.Wynn)著/罗兰译.-北京:科学出版社,1983
    85页;19cm
    书名原文:The structure and function of enzymes
    
    ISBN :CNY0.48
    
●
相关链接 在E读中查询图书 在五车中查询图书 在当当中查询图书 在豆瓣中查询图书


正题名:酶的结构和功能     索取号:Q55/19         预约/预借

序号 登录号 条形码 馆藏地/架位号 状态 备注
1 0129949   202104294   第二样本阅览室/ [索取号:Q55/19] 在馆    
唐山师范学院图书馆 欢迎您!
大连网信软件有限公司© 版权所有